| 000 | 02371nam a2200241Ia 4500 | ||
|---|---|---|---|
| 003 | Ost | ||
| 005 | 20260507075236.0 | ||
| 008 | 260507s9999||||xx |||||||||||||| ||und|| | ||
| 020 | _a4657249960 | ||
| 040 | _cfsecg | ||
| 041 | _aara | ||
| 082 | _a330 | ||
| 100 |
_aدانيالز، جوزيف _eمؤلف |
||
| 245 | 0 |
_aاقتصاديات النقود و التمويل الدولي / _c جوزيف دانيالز |
|
| 260 |
_aالرياض: _bدار المريخ, _c2010 |
||
| 300 |
_a631 صفحة؛ _bإيضاحات ؛ _c24 سم |
||
| 520 | _aالتواصل مع العالم المتغير .. تدفقات التجارة و تدفقات رأس المال و ميزان المدفوعات ، سوق الصرف الأجنبي و نظم سعر الصرف بين الماضي و الحاضر ، الأدوات المالية الدولية و الأسواق و المؤسسات : السوق الآجلة للعملة و المراجعة المالية الدولية ، عوائد الفائدة و مخاطر سعر الفائدة و مشتقات الأوراق المالية ، المصارف الدولية و المصارف المركزية و المؤسسات العليا لصنع السياسات التمويلية ، البنيان المالي الدولي و الاقتصاديات الصاعدة ، تحديد سعر الصرف و ميزان المدفوعات : المناهج التقليدية لتحديد ميزان المدفوعات ، المنهج النقدي و منهج المحفظة المالية لميزان المدفوعات و تحديد سعر الصرف ، اطار الاقتصاد المفتوح على العالم الخارجي ، السياسة الاقتصادية في ظل أسعار الصرف الثابتة ، مستوى الأسعار و الناتج الحقيقي و صنع السياسة الاقتصادية ، صنع السياسة على المستوى المحلي و متعدد الجنسية في السوق العالمية : صنع السياسة الاقتصادية المحلية في ظل اقتصاد العولمة ، تنسيق السياسات و الاتحاد النقدي و المناطق المستهدفة . | ||
| 653 | _aالإقتصاد | ||
| 653 | _aالتمويل الدولي | ||
| 653 | _aالنقود | ||
| 700 |
_aفانهوز، ديفيد _eمؤلف ثانوي |
||
| 942 | _cكتاب | ||
| 999 |
_c43589 _d43589 |
||